| 000 | 00764nam a2200241 a 4500 | ||
|---|---|---|---|
| 001 | BRL_1520 | ||
| 005 | 20190320211238.0 | ||
| 008 | 130214s1972----nyuao#####---#000-0#eng-# | ||
| 020 | _a68412811X | ||
| 041 | _aeng | ||
| 044 | _anyu | ||
| 050 | 4 |
_aF1221.L2 _b.P75 1972 |
|
| 100 | 1 |
_aPrice, Christine _d1928- _927156 |
|
| 245 | 1 | 0 |
_aHeirs of the ancient maya _ba portrait of the lacandon indians _cby Christine Price ; photographs by Gertrude Duby Blom. |
| 260 |
_aNew York _bCharles Scribner´s Sons _c1972 |
||
| 300 |
_a64 p. _bil., fotografĂas (blanco y negro) _c26 cm. |
||
| 500 | _aAu1712 | ||
| 500 | _aIncluye dedicatoria a Ruth Lechuga | ||
| 650 | 1 | 4 |
_aLacandones _923920 |
| 700 | 1 |
_aBlom, Gertrude Duby _eil. _923495 |
|
| 902 | _aGRL | ||
| 942 |
_2lcc _cB |
||
| 999 |
_c10329 _d10329 |
||